Comercio exterior y subdesarrollo : (Record no. 111000)

MARC details
000 -LEADER
campo de control de longitud fija 01126nam a2200277 4500
001 - NÚMERO DE CONTROL
campo de control 111000
003 - IDENTIFICADOR DE NÚMERO DE CONTROL
campo de control ES-MaACL
005 - FECHA Y HORA DE LA ÚLTIMA TRANSACCIÓN
campo de control 20251005063106.0
007 - CAMPO FIJO DE DESCRIPCIÓN FÍSICA--INFORMACIÓN GENERAL
campo de control de longitud fija t|
008 - DATOS DE LONGITUD FIJA--INFORMACIÓN GENERAL
campo de control de longitud fija 061121s1978 sp r ||||1| spa d
020 ## - NÚMERO INTERNACIONAL ESTÁNDAR DEL LIBRO
Número Internacional Estándar del Libro 84-7196-224-1
100 1# - ENTRADA PRINCIPAL--NOMBRE DE PERSONA
Nombre de persona Nadal i Farreras, Joaquim,
Fechas asociadas al nombre 1948-
9 (RLIN) 174523
245 10 - MENCIÓN DEL TÍTULO
Título Comercio exterior y subdesarrollo :
Resto del título España y Gran Bretaña de 1772 a 1914 : política económica y relaciones comerciales /
Mención de responsabilidad, etc. Joaquín Nadal Farreras.
260 ## - PUBLICACIÓN, DISTRIBUCIÓN, ETC.
Lugar de publicación, distribución, etc. Madrid :
Nombre del editor, distribuidor, etc. Instituto de Estudios Fiscales,
Fecha de publicación, distribución, etc. 1978.
300 ## - DESCRIPCIÓN FÍSICA
Extensión XI, 474 p. :
Otras características físicas gráf. ;
Dimensiones 24 cm.
490 1# - MENCIÓN DE SERIE
Mención de serie Estudios de hacienda pública
504 ## - NOTA DE BIBLIOGRAFÍA, ETC.
Nota de bibliografía, etc. Bibliografía: p. 449-472.
651 #7 - PUNTO DE ACCESO ADICIONAL DE MATERIA--NOMBRE GEOGRÁFICO
Nombre geográfico España-
Subdivisión general Comercio exterior-
Subdivisión geográfica Gran Bretaña
Fuente del encabezamiento o término
9 (RLIN) 172049
651 #4 - PUNTO DE ACCESO ADICIONAL DE MATERIA--NOMBRE GEOGRÁFICO
Nombre geográfico España-
Subdivisión general Política comercial-
Subdivisión cronológica S.XVIII.
9 (RLIN) 172066
651 #7 - PUNTO DE ACCESO ADICIONAL DE MATERIA--NOMBRE GEOGRÁFICO
Nombre geográfico España-
Subdivisión general Política comercial-
Subdivisión cronológica S.XIX
Fuente del encabezamiento o término
9 (RLIN) 172067
651 #4 - PUNTO DE ACCESO ADICIONAL DE MATERIA--NOMBRE GEOGRÁFICO
Nombre geográfico Gran Bretaña-
Subdivisión general Comercio exterior-
Subdivisión geográfica España-
Subdivisión de forma Historia.
9 (RLIN) 172050
710 2# - ENTRADA AGREGADA--NOMBRE DE ENTIDAD CORPORATIVA
Nombre de entidad corporativa o nombre de jurisdicción como elemento de entrada Instituto de Estudios Fiscales (España)
9 (RLIN) 169207
830 1# - PUNTO DE ACCESO ADICIONAL DE SERIE-TÍTULO UNIFORME
Título uniforme Estudios de hacienda pública
9 (RLIN) 183173
852 ## - LOCALIZACIÓN
Ubicación ES-MaACL
Número de control de estantería L-98
Holdings
Estatus retirado Estado de pérdida Estado de daño No para préstamo Biblioteca de origen Biblioteca actual Ubicación en estantería Fecha de adquisición Fuente de adquisición Total de préstamos Signatura topográfica completa Código de barras Visto por última vez Precio de reemplazo Tipo de ítem Koha
        Biblioteca del Ateneo de Madrid Biblioteca del Ateneo de Madrid Depósito 2 17/01/2008     L-98 1115812 23/02/2023 23/02/2023 Libro impreso